Normal view
MARC view
- الفن- التاريخ-الفن القديم
Entry Topical Term
001 - CONTROL NUMBER
- control field: 9330
003 - CONTROL NUMBER IDENTIFIER
- control field: JO-AjAnu
005 - DATE AND TIME OF LATEST TRANSACTION
- control field: 20230606071812.0
008 - FIXED-LENGTH DATA ELEMENTS
- fixed length control field: 230606|| aca||aabn | a|a d
040 ## - CATALOGING SOURCE
- Original cataloging agency: JO-AjAnu
- Transcribing agency: JO-AjAnu
150 ## - HEADING--TOPICAL TERM
- Topical term or geographic name entry element: الفن- التاريخ-الفن القديم
670 ## - SOURCE DATA FOUND
- Source citation: Work cat.: (JO-AjAnu)4811: لويد، سيتن تأليف/ درويش ،محمد مترجم, author 9329, فن الشرق الأدنى القديم